[Event "Moscow op-B (Women) 14th"]
[Site "Moscow"]
[Date "2018.01.27"]
[Round "1"]
[White "Tskhadadze, Anna"]
[Black "Nechaeva, Marina"]
[Result "0-1"]
[WhiteElo "1997"]
[BlackElo "2421"]
[PlyCount "116"]
[EventDate "2018.01.27"]
[EventType "swiss"]
[EventRounds "9"]
[EventCountry "RUS"]
[SourceTitle "CBM 182 Extra"]
[Source "ChessBase"]
[SourceDate "2018.02.23"]
[SourceVersion "1"]
[SourceVersionDate "2018.02.23"]
[SourceQuality "1"]

1. d4 d5 2. Bf4 Nf6 3. e3 c5 4. c3 Nc6 5. Nd2 cxd4 6. exd4 Bf5 7. Ngf3 e6 8. Be2 Bd6 9. Bg3 0-0 10. 0-0 h6 11. Re1 Bxg3 12. hxg3 Qc7 13. Nf1 Rab8 14. Bd3 Bxd3 15. Qxd3 b5 16. a3 a5 17. N1d2 Rfc8 18. Rec1 Nd7 19. Rab1 Ne7 20. Qe2 b4 21. axb4 axb4 22. c4 dxc4 23. Rxc4 Qa7 24. Ne5 Nf6 25. Rbc1 Rxc4 26. Ndxc4 Rd8 27. Qe1 Nfd5 28. Qe4 Qb8 29. Re1 Nf6 30. Qe2 Rxd4 31. Qf3 Rd8 32. Qb3 Nfd5 33. Qf3 f6 34. Nd3 e5 35. Qe4 Qb5 36. Ra1 f5 37. Qh4 e4 38. Nde5 Nf6 39. b3 Qc5 40. Qf4 Qd4 41. Qc1 Rd5 42. Qe1 Kh7 43. Rc1 Rxe5 44. Nxe5 Qxe5 45. Qxb4 e3 46. Qe1 exf2+ 47. Qxf2 Ned5 48. Qe1 Ne3 49. b4 Nfg4 50. Rc3 Qd4 51. Kh1 Qe4 52. Qd2 Qxb4 53. Kg1 Qb6 54. Kh1 Qg6 55. Rxe3 Qh5+ 56. Kg1 Qh2+ 57. Kf1 Qh1+ 58. Ke2 Qxg2+ 0-1

[Event "Chigorin Memorial 25th"]
[Site "St Petersburg"]
[Date "2017.10.29"]
[Round "9"]
[White "Anant, Prabhudesai"]
[Black "Tskhadadze, Anna"]
[Result "1-0"]
[WhiteElo "1869"]
[BlackElo "2073"]
[PlyCount "85"]
[EventDate "2017.10.21"]
[EventType "swiss"]
[EventRounds "9"]
[EventCountry "RUS"]
[SourceTitle "CBM 181 Extra"]
[Source "ChessBase"]
[SourceDate "2017.12.12"]
[SourceVersion "1"]
[SourceVersionDate "2017.12.12"]
[SourceQuality "1"]

1. Nf3 d5 2. g3 e6 3. Bg2 Nf6 4. 0-0 c5 5. d4 b6 6. c4 Nc6 7. cxd5 exd5 8. Nc3 Be7 9. Ne5 Nb4 10. a3 cxd4 11. Qxd4 Bc5 12. Qd1 Bd6 13. Nc4 dxc4 14. Bxa8 Bh3 15. Bg2 Bxg2 16. Kxg2 Nc6 17. Nb5 Bb8 18. Qxd8+ Kxd8 19. Bg5 Ke7 20. Rfd1 Be5 21. Nc3 Ke6 22. Bxf6 Bxf6 23. Rd2 Rd8 24. Rad1 Rxd2 25. Rxd2 Bg5 26. e3 Be7 27. Nb5 Ne5 28. Nc7+ Kf6 29. Nd5+ Ke6 30. Nxe7 Kxe7 31. Rd4 Ke6 32. f4 Nd3 33. Rxc4 Nxb2 34. Rc7 a5 35. Rc6+ Kd5 36. Rxb6 Nc4 37. Rb5+ Ke6 38. a4 Nxe3+ 39. Kg1 Nc4 40. Rc5 Nb2 41. Rxa5 h6 42. Ra8 g6 43. a5 1-0

[Event "Chigorin Memorial 25th"]
[Site "St Petersburg"]
[Date "2017.10.24"]
[Round "4"]
[White "Smorodkin, Kirill"]
[Black "Tskhadadze, Anna"]
[Result "1-0"]
[WhiteElo "1769"]
[BlackElo "2073"]
[PlyCount "45"]
[EventDate "2017.10.21"]
[EventType "swiss"]
[EventRounds "9"]
[EventCountry "RUS"]
[SourceTitle "CBM 181 Extra"]
[Source "ChessBase"]
[SourceDate "2017.12.12"]
[SourceVersion "1"]
[SourceVersionDate "2017.12.12"]
[SourceQuality "1"]

1. e4 e6 2. d4 d5 3. Nd2 dxe4 4. Nxe4 Bd7 5. Nf3 Bc6 6. Neg5 Be7 7. Bd3 Bxf3 8. Qxf3 Bxg5 9. Bxg5 Qc8 10. 0-0 c6 11. c4 Qd7 12. d5 Na6 13. dxe6 fxe6 14. Rad1 Qf7 15. Qh3 Nf6 16. Rfe1 Ke7 17. Bf5 Nc7 18. Qa3+ Ke8 19. Rd6 Qh5 20. Rdxe6+ Nxe6 21. Rxe6+ Kf7 22. Re7+ Kf8 23. Rxb7+ 1-0

[Event "Chigorin Memorial 25th"]
[Site "St Petersburg"]
[Date "2017.10.23"]
[Round "3"]
[White "Tskhadadze, Anna"]
[Black "Ashid, Tsetsegulzii"]
[Result "0-1"]
[WhiteElo "2073"]
[BlackElo "1892"]
[PlyCount "78"]
[EventDate "2017.10.21"]
[EventType "swiss"]
[EventRounds "9"]
[EventCountry "RUS"]
[SourceTitle "CBM 181 Extra"]
[Source "ChessBase"]
[SourceDate "2017.12.12"]
[SourceVersion "1"]
[SourceVersionDate "2017.12.12"]
[SourceQuality "1"]

1. d4 d5 2. Bf4 Nf6 3. e3 c5 4. c3 Nc6 5. Nd2 Bf5 6. Be2 e6 7. Ngf3 Qb6 8. Qc1 Rc8 9. 0-0 h6 10. h3 Be7 11. dxc5 Bxc5 12. Nb3 Be7 13. Nbd4 Bh7 14. Nxc6 bxc6 15. Ne5 0-0 16. Bd3 Bxd3 17. Nxd3 Nd7 18. Qd1 Nc5 19. Ne5 Qxb2 20. Qg4 Bf6 21. Nf3 Nd3 22. Rab1 Qc2 23. Bg3 Qxc3 24. Rb7 a5 25. Qh5 Qc4 26. Bd6 Qa6 27. Rfb1 Nb4 28. Rd7 Rcd8 29. Bxf8 Rxd7 30. Bxb4 Rb7 31. Qg4 c5 32. e4 dxe4 33. Nd2 Rxb4 34. Rxb4 axb4 35. Nxe4 Bd4 36. Qf4 Qxa2 37. Qb8+ Kh7 38. Qb7 b3 39. Qxf7 Qb1+ 0-1

[Event "St Petersburg Summer op"]
[Site "St Petersburg"]
[Date "2017.08.21"]
[Round "6"]
[White "Garifullina, Leya"]
[Black "Tskhadadze, Anna"]
[Result "1/2-1/2"]
[WhiteElo "1970"]
[BlackElo "2095"]
[PlyCount "120"]
[EventDate "2017.08.16"]
[EventType "swiss"]
[EventRounds "9"]
[EventCountry "RUS"]
[SourceTitle "CBM 180 Extra"]
[Source "ChessBase"]
[SourceDate "2017.10.06"]
[SourceVersion "1"]
[SourceVersionDate "2017.10.06"]
[SourceQuality "1"]

1. d4 d5 2. c4 e6 3. Nc3 Be7 4. cxd5 exd5 5. Bf4 Nf6 6. e3 0-0 7. Bd3 c6 8. h3 Nbd7 9. Nf3 Re8 10. Qc2 Nf8 11. 0-0 Ng6 12. Bh2 Bd6 13. Bxd6 Qxd6 14. Rab1 Qe7 15. b4 a6 16. a4 Ne4 17. b5 axb5 18. axb5 Ng5 19. Nxg5 Qxg5 20. bxc6 bxc6 21. f4 Qf6 22. Rbe1 Ba6 23. f5 Ne7 24. Bxa6 Rxa6 25. Qd3 Ra3 26. e4 dxe4 27. Rxe4 Rf8 28. Qc4 Ra5 29. Ref4 Nd5 30. Nxd5 Rxd5 31. Rc1 Rd6 32. Qc5 Rfd8 33. Qe5 h5 34. Qxf6 Rxf6 35. g4 hxg4 36. hxg4 g6 37. g5 Rxf5 38. Rxf5 gxf5 39. Rxc6 Rxd4 40. Kf2 Rg4 41. Kf3 Kg7 42. Ra6 Rxg5 43. Rb6 Rg4 44. Ra6 Rb4 45. Rc6 f6 46. Rc1 Rd4 47. Ra1 Kf7 48. Re1 Rc4 49. Ra1 Ke6 50. Ra6+ Kf7 51. Ra1 Rb4 52. Re1 Rd4 53. Ra1 Ke6 54. Re1+ Kf7 55. Ra1 f4 56. Ra6 Kg6 57. Ra5 f5 58. Ra8 Rb4 59. Rg8+ Kf7 60. Ra8 Ke6 1/2-1/2